000 00541nam a2200133Ia 4500
008 171207s9999 xx 000 0 und d
100 _aLeBel, Etienne P.
245 _aBenefits of open and high-powered research outweigh costs.
245 _cLeBel, Etienne P.; Campbell, Lorne; Loving, Timothy J.
260 _c2017
300 _apages 230-243, August 2017
440 _aJournal of Personality and Social Psychology
_v113:2
650 _aOPEN SCIENCE PRACTICES, INDEPENDENT REPLICATION, CUMULATIVE KNOWLEDGE, ANALYTIC AND DESIGN FLEXIBILITY
999 _c347610
_d347610